1-10 in French, Spanish and Italian - Statistics

General Stats
  • This quiz has been taken 68 times
  • The average score is 23 of 30
Answer Stats
Hint Answer % Correct
1 un
100%
3 tre
96%
1 uno
96%
1 uno
96%
2 dos
94%
3 tres
92%
5 cinq
89%
6 sei
89%
4 quatre
85%
8 ocho
83%
3 trois
83%
5 cinco
81%
2 deux
81%
9 nueve
81%
9 neuf
79%
4 cuatro
77%
10 dix
77%
6 six
77%
4 quattro
75%
6 seis
75%
7 sept
75%
7 siete
75%
10 diez
74%
8 huit
74%
2 due
62%
7 sette
51%
5 cinque
49%
8 otto
49%
10 dieci
42%
9 nove
42%
No matching quizzes found
Score Distribution
Percent of People with Each Score
Percentile by Number Answered
Your Score History
You have not taken this quiz